Родники России (Запись № 9590314)

Подробности
000 -МАРКЕР
контрольное поле 01422nam1a2200313 4500
001 - ИДЕНТИФИКАТОР ЗАПИСИ
контрольное поле RU\NLR\BIBL_A\010364454
005 - ИДЕНТИФИКАТОР ВЕРСИИ
контрольное поле 20260316161913.0
035 ## - ДРУГИЕ СИСТЕМНЫЕ НОМЕРА
Идентификатор записи (NLR Aleph) 010364454
100 ## - ДАННЫЕ ОБЩЕЙ ОБРАБОТКИ
Данные общей обработки 20260322 rusy50
101 0# - ЯЗЫК РЕСУРСА
Язык текста, звукозаписи и т.д. русский
102 ## - СТРАНА ПУБЛИКАЦИИ ИЛИ ПРОИЗВОДСТВА
Страна публикации Российская Федерация
105 ## - ПОЛЕ КОДИРОВАННЫХ ДАННЫХ: ТЕКСТОВЫЕ МАТЕРИАЛЫ, МОНОГРАФИЧЕСКИЕ
Кодированные данные о монографическом текстовом документе ||||z||||||||
200 1# - ЗАГЛАВИЕ И СВЕДЕНИЯ ОБ ОТВЕТСТВЕННОСТИ
Основное заглавие Родники России
Сведения, относящиеся к заглавию избранные стихи профессиональных писательниц клуба "Мсковитянка" [при Центральном доме литераторов
-- альманах
Первые сведения об ответственности ред. совет: В.И. Гусев и др.
Последующие сведения об ответственности вступ. ст.: Иван Голубичный]
210 ## - ПУБЛИКАЦИЯ, РАСПРОСТРАНЕНИЕ И ДР.
Место издания, распространения и т.д. Балашиха (Моск. обл.)
Имя издателя, распространителя и т. д. Ольга
Дата издания, распространения и т.д. 2013
215 ## - ФИЗИЧЕСКАЯ ХАРАКТЕРИСТИКА
Размеры 2013
225 1# - СЕРИЯ
Основное заглавие серии Золотое перо
686 2# - ИНДЕКСЫ ДРУГИХ КЛАССИФИКАЦИЙ
Индекс Ш6(2=Р)8-5
686 2# - ИНДЕКСЫ ДРУГИХ КЛАССИФИКАЦИЙ
Индекс Ш6(2=Р)8-999
702 #1 - ИМЯ ЛИЦА - ВТОРИЧНАЯ ОТВЕТСТВЕННОСТЬ
Код отношения Редактор
Графика поля Кириллица
Материалы, к которым относится поле rus
Начальный элемент ввода Гусев
Часть имени, кроме начального элемента ввода В. И.
Дополнения к именам, кроме дат д-р филол. наук, писатель
Даты 1937-2022
Расширение инициалов личного имени Владимир Иванович
Системный номер авторитетной/нормативной записи 119402
Идентификатор авторитетной/нормативной записи RU\NLR\AUTH\779580
711 02 - НАИМЕНОВАНИЕ ОРГАНИЗАЦИИ - АЛЬТЕРНАТИВНАЯ ОТВЕТСТВЕННОСТЬ
Начальный элемент ввода "Московитянка", литературный клуб
Идентифицирующий признак Москва
Системный номер авторитетной/нормативной записи 531954
Идентификатор авторитетной/нормативной записи RU\NLR\AUTH\8810017052
852 ## - МЕСТОНАХОЖДЕНИЕ И ШИФР ХРАНЕНИЯ
Идентификатор организации NLR
Шифр хранения (Call Number) 2014-2/1740
942 ## - ДОПОЛНИТЕЛЬНЫЕ ЭЛЕМЕНТЫ ЗАПИСИ (АБИС)
Тип экземпляра АБИС Книга
980 ## - КОЛЛЕКЦИЯ
Название коллекции Национальная библиография

Нет доступных экземпляров.